000 00753pam a2200241 a 4500
001 3087118
005 20180208081019.0
008 980706s1999 ilu b 001 0 eng
010 _a 98011737
020 _a0132726750
040 _aDLC
_cDLC
_dDLC
041 _aeng
043 _an-us---
080 _a657.83500973 FRE
082 0 0 _a657.83500973 FRE
_221
100 1 _a61
101 _aKF
245 1 0 _aGovernmental and nonprofit accounting :
_cRobert J. Freeman and Craig D. Shoulders.
504 _aIncludes bibliographical references and index.
906 _a7
_bcbc
_corignew
_d1
_eocip
_f19
_gy-gencatlg
942 _2ddc
_cBK
999 _c42158
_d42158